[Event "Kingston Invitational 3rd"]
[Site "Kingston upon Thames"]
[Date "2024.08.14"]
[Round "4.10"]
[White "Hill, Alistair"]
[Black "Large, Peter G"]
[Result "1-0"]
[WhiteElo "2089"]
[BlackElo "2336"]
[PlyCount "63"]
[EventDate "2024.08.12"]
[EventType "swiss"]
[EventRounds "9"]
[EventCountry "ENG"]
[SourceTitle "BritBase"]
[Source "John Saunders"]
[SourceDate "2024.08.18"]
[SourceVersion "1"]
[SourceVersionDate "2024.08.18"]
[SourceQuality "1"]

1. c4 Nf6 2. Nc3 e6 3. e4 d5 4. e5 Ne4 5. Nf3 Nc6 6. d4 Be7 7. Bd3 Nxc3 8. bxc3 dxc4 9. Bxc4 Bd7 10. O-O Na5 11. Bd3 c5 12. Be3 cxd4 13. cxd4 Bc6 14. Nd2 Rc8 15. Qg4 g6 16. Bh6 Bd5 17. Rfd1 a6 18. Ne4 Nc4 19. Bg7 Rg8 20. Nf6+ Bxf6 21. Bxf6 Qa5 22. Rdc1 Kd7 23. Bg5 Qa3 24. Bxc4 Rxc4 25. Qf4 Rf8 26. Rxc4 Bxc4 27. Bh6 Rd8 28. Rc1 Rc8 29. d5 exd5 30. Qxf7+ Qe7 31. e6+ Kd8 32. Bg5 1-0

[Event "Kingston Invitational 3rd"]
[Site "Kingston upon Thames"]
[Date "2024.08.14"]
[Round "4.11"]
[White "Wilson, Ewan"]
[Black "Hobson, Kenneth"]
[Result "0-1"]
[WhiteElo "1983"]
[BlackElo "2266"]
[PlyCount "76"]
[EventDate "2024.08.12"]
[EventType "swiss"]
[EventRounds "9"]
[EventCountry "ENG"]
[SourceTitle "BritBase"]
[Source "John Saunders"]
[SourceDate "2024.08.18"]
[SourceVersion "1"]
[SourceVersionDate "2024.08.18"]
[SourceQuality "1"]

1. d4 Nf6 2. c4 e6 3. Nf3 d5 4. Nc3 Bb4 5. Qa4+ Nc6 6. e3 O-O 7. Qc2 Re8 8. a3 Bd6 9. c5 Bf8 10. Bb5 Bd7 11. O-O Ne7 12. Bd3 b6 13. e4 dxe4 14. Nxe4 h6 15. Nxf6+ gxf6 16. Be3 f5 17. Qd2 bxc5 18. Bxh6 Nd5 19. Bxf8 Rxf8 20. dxc5 Qf6 21. Rfe1 Rfb8 22. Ne5 Bb5 23. b4 Bxd3 24. Qxd3 Qg7 25. Rad1 Rd8 26. Qf3 Ne7 27. Rd7 f6 28. Rxd8+ Rxd8 29. Nc4 Qg4 30. Qb3 f4 31. h3 Qf5 32. Qf3 Rd3 33. Qb7 f3 34. Qxc7 Nd5 35. Qc8+ Kg7 36. Qxe6 Qxe6 37. Rxe6 Rd1+ 38. Kh2 fxg2 0-1

[Event "Kingston Invitational 3rd"]
[Site "Kingston upon Thames"]
[Date "2024.08.14"]
[Round "4.12"]
[White "Lalic, Peter D"]
[Black "Gurner, Jem"]
[Result "0-1"]
[WhiteElo "2181"]
[BlackElo "2070"]
[PlyCount "166"]
[EventDate "2024.08.12"]
[EventType "swiss"]
[EventRounds "9"]
[EventCountry "ENG"]
[SourceTitle "BritBase"]
[Source "John Saunders"]
[SourceDate "2024.08.18"]
[SourceVersion "1"]
[SourceVersionDate "2024.08.18"]
[SourceQuality "1"]

1. e4 c5 2. d4 cxd4 3. c3 dxc3 4. Nxc3 Nc6 5. Nf3 e6 6. Bb5 a6 7. Bxc6 bxc6 8. O-O Nf6 9. e5 Nd5 10. Ne4 Qc7 11. Be3 Be7 12. Bd4 O-O 13. Nfd2 f5 14. Nd6 Bxd6 15. exd6 Qxd6 16. Nc4 Qb4 17. Rc1 d6 18. f4 c5 19. Bf2 Qb8 20. b4 cxb4 21. Bd4 Rf7 22. Rf3 Bb7 23. Qe1 Nxf4 24. Rxf4 e5 25. Nxe5 dxe5 26. Bxe5 Qe8 27. Rxb4 Re7 28. Qg3 Bxg2 29. Kxg2 Rxe5 30. Rb7 Re7 31. Rcc7 Rxc7 32. Rxc7 Qe2+ 33. Kg1 Qg4 34. Qxg4 fxg4 35. a4 h5 36. Kg2 Kh7 37. Kg3 Kh6 38. Rc6+ g6 39. a5 Ra7 40. Rd6 Kg5 41. Rd5+ Kf6 42. Rd6+ Kf5 43. Rd5+ Ke6 44. Rg5 Kf6 45. Rc5 Re7 46. Rc6+ Re6 47. Rb6 Kf5 48. Kf2 Ke5 49. Rb8 Rf6+ 50. Kg2 Rc6 51. Re8+ Re6 52. Rb8 Kd5 53. Rc8 Kd4 54. Rb8 Re5 55. Rb6 Rxa5 56. Rxg6 Ke4 57. Rf6 h4 58. Rh6 Ra2+ 59. Kg1 h3 60. Rg6 Kf5 61. Rg8 Rg2+ 62. Kh1 Re2 63. Kg1 Kf4 64. Rf8+ Ke3 65. Re8+ Kd3 66. Ra8 Rg2+ 67. Kh1 Ra2 68. Kg1 a5 69. Rd8+ Kc3 70. Rc8+ Kb3 71. Rb8+ Ka3 72. Rg8 Rg2+ 73. Kh1 Rb2 74. Kg1 Rb4 75. Re8 a4 76. Re3+ Ka2 77. Re2+ Rb2 78. Re4 a3 79. Rxg4 Rg2+ 80. Kh1 Rc2 81. Kg1 Kb1 82. Rb4+ Rb2 83. Ra4 a2 0-1

[Event "Kingston Invitational 3rd"]
[Site "Kingston upon Thames"]
[Date "2024.08.14"]
[Round "4.13"]
[White "Willmoth, Robert F"]
[Black "Hasson, Peter"]
[Result "1-0"]
[WhiteElo "2098"]
[BlackElo "1984"]
[PlyCount "91"]
[EventDate "2024.08.12"]
[EventType "swiss"]
[EventRounds "9"]
[EventCountry "ENG"]
[SourceTitle "BritBase"]
[Source "John Saunders"]
[SourceDate "2024.08.18"]
[SourceVersion "1"]
[SourceVersionDate "2024.08.18"]
[SourceQuality "1"]

1. Nf3 Nf6 2. e3 g6 3. d4 Bg7 4. Be2 O-O 5. c4 d6 6. O-O c5 7. d5 e6 8. Nc3 exd5 9. cxd5 Re8 10. Nd2 Na6 11. Nc4 Nc7 12. a4 b6 13. f3 Ba6 14. e4 Bxc4 15. Bxc4 a6 16. Bg5 h6 17. Bh4 g5 18. Bf2 Nd7 19. Rb1 Ne5 20. Ba2 b5 21. Ne2 bxa4 22. Ng3 Ng6 23. Nf5 Bf8 24. Qxa4 Rb8 25. b4 Rxb4 26. Rxb4 cxb4 27. Qxb4 Nb5 28. Bc4 Qc7 29. Bxb5 axb5 30. Qxb5 Rc8 31. Be3 Nf4 32. g3 Ng6 33. Bd4 Qc2 34. Qb1 Ne5 35. Qxc2 Rxc2 36. Bxe5 dxe5 37. Rd1 Rc8 38. Kf2 h5 39. Ke3 f6 40. Kd3 Kf7 41. Rb1 Rc7 42. Rb6 Bc5 43. Rc6 Rxc6 44. dxc6 Ke6 45. Kc4 Bg1 46. Kb5 1-0

[Event "Kingston Invitational 3rd"]
[Site "Kingston upon Thames"]
[Date "2024.08.14"]
[Round "4.14"]
[White "Gallagher, Daniel GH"]
[Black "Taylor, William J"]
[Result "1/2-1/2"]
[WhiteElo "2253"]
[BlackElo "1967"]
[PlyCount "79"]
[EventDate "2024.08.12"]
[EventType "swiss"]
[EventRounds "9"]
[EventCountry "ENG"]
[SourceTitle "BritBase"]
[Source "John Saunders"]
[SourceDate "2024.08.18"]
[SourceVersion "1"]
[SourceVersionDate "2024.08.18"]
[SourceQuality "1"]

1. Nf3 d5 2. g3 c5 3. Bg2 Nc6 4. d4 e6 5. O-O Nf6 6. c4 dxc4 7. dxc5 Qxd1 8. Rxd1 Bxc5 9. Nbd2 c3 10. bxc3 O-O 11. Nb3 Be7 12. Nfd4 Nxd4 13. cxd4 Nd5 14. Bb2 f5 15. Rdc1 b6 16. a4 Ba6 17. e3 Rfc8 18. a5 Bb5 19. Bf1 Bxf1 20. Kxf1 Kf8 21. Ke2 Ke8 22. Ba3 Bxa3 23. Rxa3 Rxc1 24. Nxc1 Rc8 25. axb6 axb6 26. Kd2 Nb4 27. Rc3 Nc6 28. Nd3 Kd7 29. Rb3 Rb8 30. f3 Kd6 31. Rb5 Na7 32. Rb1 Nc6 33. Rb5 Na7 34. Rb1 Nc6 35. Kc3 e5 36. Rb5 exd4+ 37. exd4 g6 38. Nb2 Ne7 39. Nc4+ Kc6 40. Rb2 1/2-1/2

[Event "Kingston Invitational 3rd"]
[Site "Kingston upon Thames"]
[Date "2024.08.14"]
[Round "4.15"]
[White "Frostick, Clive A"]
[Black "Zhao, George"]
[Result "1-0"]
[WhiteElo "2161"]
[BlackElo "2014"]
[PlyCount "125"]
[EventDate "2024.08.12"]
[EventType "swiss"]
[EventRounds "9"]
[EventCountry "ENG"]
[SourceTitle "BritBase"]
[Source "John Saunders"]
[SourceDate "2024.08.18"]
[SourceVersion "1"]
[SourceVersionDate "2024.08.18"]
[SourceQuality "1"]

1. e4 e6 2. d4 d5 3. Nd2 dxe4 4. Nxe4 Nd7 5. Nf3 Ngf6 6. Bd3 Nxe4 7. Bxe4 Nf6 8. Bg5 c5 9. Bxf6 gxf6 10. c3 cxd4 11. Qxd4 Qxd4 12. Nxd4 Bh6 13. Rd1 f5 14. Bf3 O-O 15. Nb3 e5 16. Bd5 Rb8 17. O-O b6 18. Rfe1 Bg7 19. Nd2 Rd8 20. Nf3 Bf6 21. Nxe5 Bxe5 22. Rxe5 Be6 23. g3 Rd6 24. Rd4 Rbd8 25. Bxe6 Rxd4 26. cxd4 fxe6 27. Rxe6 Rxd4 28. Re7 Rd2 29. Rxa7 Rxb2 30. Kg2 b5 31. h4 h6 32. Kf3 Rb4 33. Ra3 Rc4 34. Rb3 b4 35. Ke3 Kf7 36. f3 Rc2 37. Rxb4 Rxa2 38. Kf4 Ra5 39. h5 Kf6 40. Rb6+ Kg7 41. Rg6+ Kh7 42. Rf6 Kg7 43. Rxf5 Ra4+ 44. Ke3 Ra3+ 45. Kf2 Ra2+ 46. Kf1 Rc2 47. Re5 Rh2 48. g4 Kf6 49. Re2 Rh1+ 50. Kg2 Ra1 51. Kg3 Ra3 52. Kf4 Ra4+ 53. Re4 Ra3 54. Rb4 Ra6 55. Kg3 Rc6 56. Rb7 Ke5 57. Rh7 Ra6 58. f4+ Ke4 59. Re7+ Kd5 60. g5 Kd6 61. Re3 hxg5 62. fxg5 Ra5 63. Kg4 1-0

[Event "Kingston Invitational 3rd"]
[Site "Kingston upon Thames"]
[Date "2024.08.14"]
[Round "4.16"]
[White "Haldane, Robin W"]
[Black "Josse, Mark"]
[Result "1/2-1/2"]
[WhiteElo "2000"]
[BlackElo "2141"]
[PlyCount "40"]
[EventDate "2024.08.12"]
[EventType "swiss"]
[EventRounds "9"]
[EventCountry "ENG"]
[SourceTitle "BritBase"]
[Source "John Saunders"]
[SourceDate "2024.08.18"]
[SourceVersion "1"]
[SourceVersionDate "2024.08.18"]
[SourceQuality "1"]

1. e4 c5 2. Nf3 e6 3. d4 cxd4 4. Nxd4 a6 5. Be3 Nf6 6. Bd3 Nc6 7. O-O Qc7 8. Nd2 d5 9. Nxc6 bxc6 10. c4 Bd6 11. h3 O-O 12. f4 e5 13. c5 Qa7 14. fxe5 Bxc5 15. Bxc5 Qxc5+ 16. Kh1 Nxe4 17. Nxe4 dxe4 18. Bxe4 Qxe5 19. Bxc6 Rb8 20. b3 Be6 1/2-1/2

[Event "Kingston Invitational 3rd"]
[Site "Kingston upon Thames"]
[Date "2024.08.14"]
[Round "4.17"]
[White "Young, Daniel J"]
[Black "Seymour, Timothy P"]
[Result "1-0"]
[WhiteElo "1926"]
[BlackElo "2124"]
[PlyCount "155"]
[EventDate "2024.08.12"]
[EventType "swiss"]
[EventRounds "9"]
[EventCountry "ENG"]
[SourceTitle "BritBase"]
[Source "John Saunders"]
[SourceDate "2024.08.18"]
[SourceVersion "1"]
[SourceVersionDate "2024.08.18"]
[SourceQuality "1"]

1. c4 e6 2. g3 d5 3. Bg2 Nf6 4. Nf3 dxc4 5. O-O a6 6. Qc2 c5 7. Ne5 Ra7 8. Rd1 Nbd7 9. d4 cxd3 10. Rxd3 Nd5 11. Bxd5 Nxe5 12. Bc6+ Bd7 13. Bxd7+ Nxd7 14. a4 b6 15. Bf4 Be7 16. Nd2 g5 17. Be5 Bf6 18. Bd6 Qa8 19. Qc4 Qc6 20. Ne4 Bxb2 21. Rb1 b5 22. Qc2 Be5 23. Bxe5 Nxe5 24. Rd6 Qc8 25. Qc3 Ng6 26. Rbd1 f5 27. Nxg5 Re7 28. Qxc5 O-O 29. Rc6 Qb7 30. Nxe6 Rfe8 31. Nd4 Re5 32. Qc2 bxa4 33. Qxa4 a5 34. Qc4+ Qf7 35. Qxf7+ Kxf7 36. Ra6 Rd5 37. e3 Ne5 38. Ra1 Nc4 39. Ra4 Rc8 40. Rc6 Nb2 41. Rxa5 Rxa5 42. Rxc8 Nd3 43. Rc3 Ne5 44. Kg2 Ng4 45. h3 Nf6 46. Rc2 Kg6 47. Rb2 h5 48. Rb5 Rxb5 49. Nxb5 Ne4 50. Nd4 Nd2 51. f3 Nc4 52. Kf2 Kf6 53. Ke2 Nb2 54. h4 Nc4 55. Kf2 Ne5 56. Kg2 Nc4 57. Kf2 Ne5 58. Ne2 Kg6 59. Nf4+ Kh6 60. Ke2 Nc4 61. e4 fxe4 62. fxe4 Ne5 63. Ke3 Nc6 64. Kd3 Nb4+ 65. Kd4 Nc2+ 66. Kd5 Ne3+ 67. Kd6 Nf1 68. Ne2 Kg6 69. e5 Ne3 70. Nf4+ Kf5 71. e6 Kg4 72. e7 Nf5+ 73. Ke6 Ng7+ 74. Kf7 Nf5 75. e8=Q Nd6+ 76. Kf8 Nxe8 77. Kxe8 Kxg3 78. Ng6 1-0

[Event "Kingston Invitational 3rd"]
[Site "Kingston upon Thames"]
[Date "2024.08.14"]
[Round "4.18"]
[White "Patel, Zain"]
[Black "Andal, Edmond"]
[Result "1-0"]
[WhiteElo "2035"]
[BlackElo "1960"]
[PlyCount "141"]
[EventDate "2024.08.12"]
[EventType "swiss"]
[EventRounds "9"]
[EventCountry "ENG"]
[SourceTitle "BritBase"]
[Source "John Saunders"]
[SourceDate "2024.08.18"]
[SourceVersion "1"]
[SourceVersionDate "2024.08.18"]
[SourceQuality "1"]

1. b3 b6 2. Bb2 Bb7 3. Nf3 e6 4. d4 f5 5. g3 Nf6 6. Bg2 a5 7. O-O Be7 8. c4 O-O 9. Nc3 Ne4 10. d5 Nc5 11. Nd4 e5 12. d6 Bxd6 13. Bxb7 Nxb7 14. Ndb5 Nc6 15. Nd5 Ra6 16. Nxd6 cxd6 17. a3 Nc5 18. b4 axb4 19. axb4 Rxa1 20. Bxa1 Ne4 21. Qd3 Kh8 22. Qe3 Nf6 23. Rd1 Nxd5 24. Rxd5 Qc7 25. Qd2 Kg8 26. b5 Na5 27. c5 Nb3 28. Qa2 Nxa1 29. cxd6 Qc2 30. Qxa1 Qxe2 31. Rxe5 Qc4 32. Re7 Rf7 33. Qe5 Qe4 34. Re8+ Rf8 35. Qxe4 fxe4 36. Rxe4 Rf5 37. Re7 Rf7 38. Re8+ Rf8 39. Re5 Rf6 40. Re8+ Rf8 41. Re3 Rf5 42. f4 Rf6 43. Re8+ Rf8 44. Re5 Rf6 45. Rd5 g6 46. Kf2 Kf7 47. Kf3 Ke6 48. Ke4 Rf8 49. h4 Ra8 50. Re5+ Kxd6 51. h5 Ra3 52. hxg6 Rxg3 53. Rd5+ Ke7 54. gxh7 Rh3 55. Rg5 Rxh7 56. Rg6 d6 57. Kd5 Rh5+ 58. Rg5 Rh4 59. Rf5 Rh6 60. Kc6 Ke6 61. Rd5 Ke7 62. Kxb6 Rf6 63. Rd4 Kd7 64. Kb7 Rf5 65. b6 Ra5 66. Kb8 Ra1 67. b7 Ra2 68. f5 Ra5 69. f6 Rh5 70. f7 Rh8+ 71. Ka7 1-0

[Event "Kingston Invitational 3rd"]
[Site "Kingston upon Thames"]
[Date "2024.08.14"]
[Round "4.19"]
[White "Buckley, Graeme N"]
[Black "Skettos, Nicolas"]
[Result "1/2-1/2"]
[WhiteElo "2293"]
[BlackElo "1985"]
[PlyCount "95"]
[EventDate "2024.08.12"]
[EventType "swiss"]
[EventRounds "9"]
[EventCountry "ENG"]
[SourceTitle "BritBase"]
[Source "John Saunders"]
[SourceDate "2024.08.18"]
[SourceVersion "1"]
[SourceVersionDate "2024.08.18"]
[SourceQuality "1"]

1. e4 c5 2. Nf3 g6 3. c3 d5 4. e5 Bg4 5. Bb5+ Nc6 6. Bxc6+ bxc6 7. O-O c4 8. b3 cxb3 9. axb3 Bg7 10. Re1 e6 11. Ba3 Ne7 12. d4 O-O 13. Nbd2 Re8 14. h3 Bxf3 15. Nxf3 Qd7 16. Re2 Nc8 17. h4 Rb8 18. Ne1 Qb7 19. Rb2 f6 20. f4 f5 21. h5 Qf7 22. hxg6 Qxg6 23. Nd3 Bh6 24. Kf2 Kh8 25. Qf3 Rb7 26. Rh1 Bf8 27. Bxf8 Rxf8 28. Rbb1 Rg8 29. Rh3 Rbg7 30. g3 Qf7 31. Nc5 Rg6 32. Rbh1 R8g7 33. Rh6 Nb6 34. Qh5 Kg8 35. Rxg6 Rxg6 36. Qh4 Nd7 37. Qd8+ Nf8 38. Qh4 Qc7 39. Ra1 Qg7 40. Ra6 Rh6 41. Rxa7 Qxa7 42. Qxh6 Qa2+ 43. Kf3 Qa1 44. Kg2 Qd1 45. Qg5+ Kh8 46. Qf6+ Kg8 47. Qg5+ Kh8 48. Qf6+ 1/2-1/2

[Event "Kingston Invitational 3rd"]
[Site "Kingston upon Thames"]
[Date "2024.08.14"]
[Round "4.20"]
[White "Payne, Matthew J"]
[Black "Pirgon, Joshua"]
[Result "1-0"]
[WhiteElo "2080"]
[BlackElo "1982"]
[PlyCount "67"]
[EventDate "2024.08.12"]
[EventType "swiss"]
[EventRounds "9"]
[EventCountry "ENG"]
[SourceTitle "BritBase"]
[Source "John Saunders"]
[SourceDate "2024.08.18"]
[SourceVersion "1"]
[SourceVersionDate "2024.08.18"]
[SourceQuality "1"]

1. e4 c5 2. Nc3 a6 3. g3 b5 4. Bg2 Bb7 5. Nge2 e6 6. d4 cxd4 7. Nxd4 Nc6 8. O-O Nge7 9. e5 Rb8 10. Ne4 Ng6 11. Bg5 Qb6 12. Nxc6 Bxc6 13. Be3 Qc7 14. f4 Bxe4 15. Bxe4 d5 16. exd6 Bxd6 17. Qe2 O-O 18. Rac1 Rfc8 19. Bd3 Ne7 20. c4 bxc4 21. Rxc4 Qa5 22. Rxc8+ Nxc8 23. b3 Nb6 24. Bxh7+ Kxh7 25. Qd3+ Kg8 26. Qxd6 Rb7 27. Qd8+ Kh7 28. Rd1 Qh5 29. f5 Nd5 30. Rd4 Qxf5 31. Bd2 Rc7 32. Qf8 Rc2 33. Rh4+ Kg6 34. Rh6+ 1-0

[Event "Kingston Invitational 3rd"]
[Site "Kingston upon Thames"]
[Date "2024.08.14"]
[Round "4.21"]
[White "Clarke, Connor"]
[Black "Verma, Shlok"]
[Result "0-1"]
[WhiteElo "2048"]
[BlackElo "2060"]
[PlyCount "94"]
[EventDate "2024.08.12"]
[EventType "swiss"]
[EventRounds "9"]
[EventCountry "ENG"]
[SourceTitle "BritBase"]
[Source "John Saunders"]
[SourceDate "2024.08.18"]
[SourceVersion "1"]
[SourceVersionDate "2024.08.18"]
[SourceQuality "1"]

1. d4 d5 2. Nf3 Nf6 3. c4 dxc4 4. e3 e6 5. Bxc4 a6 6. a4 c5 7. O-O Nc6 8. Qe2 cxd4 9. Rd1 Be7 10. exd4 O-O 11. Nc3 Qc7 12. Bg5 Rd8 13. Rac1 Nd5 14. Bxe7 Qxe7 15. Ne5 Ncb4 16. Qf3 Bd7 17. Re1 Be8 18. a5 Nf6 19. Rcd1 Nc2 20. Re4 Nxe4 21. Qxe4 Nb4 22. f4 Nc6 23. d5 Nxa5 24. Bd3 g6 25. b4 f5 26. Qd4 Nc6 27. Nxc6 bxc6 28. Kf1 cxd5 29. Re1 Qg7 30. Re5 Qa7 31. Qxa7 Rxa7 32. Rxe6 d4 33. Nd1 Bb5 34. Nb2 Bxd3+ 35. Nxd3 a5 36. bxa5 Rxa5 37. Ke2 Ra2+ 38. Kf3 Ra3 39. Ke2 Rc8 40. Ne1 d3+ 41. Nxd3 Rc2+ 42. Ke3 Rxg2 43. Kd4 Rxh2 44. Ne5 Ra4+ 45. Kd5 Rd2+ 46. Kc5 Rxf4 47. Re7 Re4 0-1

[Event "Kingston Invitational 3rd"]
[Site "Kingston upon Thames"]
[Date "2024.08.14"]
[Round "4.22"]
[White "Bharat Kumar, Balahari"]
[Black "Pal, Rohan"]
[Result "1/2-1/2"]
[WhiteElo "2031"]
[BlackElo "2046"]
[PlyCount "113"]
[EventDate "2024.08.12"]
[EventType "swiss"]
[EventRounds "9"]
[EventCountry "ENG"]
[SourceTitle "BritBase"]
[Source "John Saunders"]
[SourceDate "2024.08.18"]
[SourceVersion "1"]
[SourceVersionDate "2024.08.18"]
[SourceQuality "1"]

1. d4 Nf6 2. c4 e6 3. Nf3 Bb4+ 4. Bd2 Bxd2+ 5. Nbxd2 O-O 6. e4 d6 7. Be2 Qe7 8. O-O e5 9. d5 a5 10. Ne1 Na6 11. b3 Nc5 12. Qc2 c6 13. f3 Bd7 14. Nd3 Nxd3 15. Bxd3 Nh5 16. g3 g6 17. Rfc1 f5 18. Nf1 c5 19. Qg2 Ng7 20. Ne3 f4 21. Nc2 g5 22. g4 Kf7 23. Kf2 Rh8 24. Rh1 h5 25. h3 Rh6 26. Rh2 Rah8 27. Rah1 Bc8 28. a4 Ne8 29. Na3 Nf6 30. Ke1 Nd7 31. Bc2 Nf8 32. Bd1 Ng6 33. Kf1 R8h7 34. Kg1 Qd8 35. Nb5 Nh4 36. Qd2 b6 37. Qb2 Qf6 38. Qf2 Qg6 39. Qc2 Ke7 40. Nc3 Bd7 41. Qd2 Qe8 42. Qf2 Qc8 43. Qe1 Qh8 44. Qf2 Kf6 45. Qd2 Ke7 46. Qf2 Qg7 47. Qd2 Rh8 48. Qc2 Qh7 49. Qf2 Be8 50. Qd2 Bg6 51. Qc2 Kd7 52. Qf2 Be8 53. Qd2 Qg7 54. Qf2 R8h7 55. Qd2 Qh8 56. Qf2 Ng6 57. Qd2 1/2-1/2

[Event "Kingston Invitational 3rd"]
[Site "Kingston upon Thames"]
[Date "2024.08.14"]
[Round "5.1"]
[White "Badacsonyi, Stanley"]
[Black "Czopor, Maciej"]
[Result "1/2-1/2"]
[WhiteElo "2179"]
[BlackElo "2364"]
[PlyCount "86"]
[EventDate "2024.08.12"]
[EventType "swiss"]
[EventRounds "9"]
[EventCountry "ENG"]
[SourceTitle "BritBase"]
[Source "John Saunders"]
[SourceDate "2024.08.18"]
[SourceVersion "1"]
[SourceVersionDate "2024.08.18"]
[SourceQuality "1"]

1. d4 Nf6 2. Nc3 d5 3. Bf4 e6 4. Nb5 Bb4+ 5. c3 Ba5 6. e3 a6 7. Na3 O-O 8. Nf3 Qe7 9. Nb1 Nbd7 10. Nbd2 c5 11. Ne5 Nxe5 12. Bxe5 cxd4 13. exd4 Nd7 14. Bg3 e5 15. dxe5 Nxe5 16. Bxe5 Qxe5+ 17. Be2 Re8 18. Nf3 Qe4 19. Kf1 Bf5 20. Nd4 Bb6 21. Bf3 Qh4 22. g3 Bh3+ 23. Bg2 Qh6 24. Qc1 Qh5 25. Qd1 Bg4 26. Bf3 Qh3+ 27. Bg2 Qh5 28. Bf3 Bxf3 29. Qxf3 Qh3+ 30. Qg2 Qxg2+ 31. Kxg2 Bxd4 32. cxd4 Re2 33. b3 Rae8 34. a4 g6 35. Rac1 Rb2 36. Rc3 Ree2 37. Rf3 Rbd2 38. Rc1 Re7 39. Rf4 Rd3 40. Rc8+ Kg7 41. Rd8 Rxb3 42. Rxd5 b5 43. Rd6 bxa4 1/2-1/2

[Event "Kingston Invitational 3rd"]
[Site "Kingston upon Thames"]
[Date "2024.08.14"]
[Round "5.2"]
[White "Murphy, Conor E"]
[Black "Eames, Robert S"]
[Result "1-0"]
[WhiteElo "2460"]
[BlackElo "2145"]
[PlyCount "131"]
[EventDate "2024.08.12"]
[EventType "swiss"]
[EventRounds "9"]
[EventCountry "ENG"]
[SourceTitle "BritBase"]
[Source "John Saunders"]
[SourceDate "2024.08.18"]
[SourceVersion "1"]
[SourceVersionDate "2024.08.18"]
[SourceQuality "1"]

1. d4 Nf6 2. c4 c5 3. d5 b5 4. cxb5 a6 5. bxa6 e6 6. Nc3 exd5 7. Nxd5 Nxa6 8. Bg5 Be7 9. Nxe7 Qxe7 10. Nf3 Rb8 11. b3 h6 12. Bh4 Rb6 13. e3 Bb7 14. Rc1 g5 15. Bg3 Ne4 16. Nd2 Nxg3 17. hxg3 d5 18. Be2 O-O 19. a3 d4 20. Nc4 Re6 21. O-O Rd8 22. Qc2 Be4 23. Qb2 Nc7 24. Rfe1 Nb5 25. Bf1 Nc3 26. exd4 cxd4 27. Rxc3 dxc3 28. Qxc3 h5 29. a4 h4 30. a5 Bd5 31. Rxe6 Qxe6 32. gxh4 gxh4 33. Qd4 Rb8 34. Qxh4 Rxb3 35. Qg5+ Kf8 36. Ne3 Be4 37. a6 Rb1 38. Qd8+ Qe8 39. Qd6+ Qe7 40. Qd4 Kg8 41. a7 Qb7 42. f3 Bc6 43. Qd8+ Kh7 44. a8=Q Rxf1+ 45. Kxf1 Qxa8 46. Qf6 Bb5+ 47. Kg1 Qa7 48. Qf5+ Kg8 49. Qg5+ Kh7 50. Qh5+ Kg8 51. Qg5+ Kh7 52. Kh2 Bd3 53. Ng4 Qb8+ 54. f4 Qf8 55. Nf6+ Kh8 56. Qh5+ Kg7 57. Qg5+ Kh8 58. f5 Bb1 59. g3 Bd3 60. Qh5+ Kg7 61. Qg5+ Kh8 62. Qh5+ Kg7 63. Nd5 f6 64. Qg6+ Kh8 65. Nxf6 Bb1 66. Qh7# 1-0

[Event "Kingston Invitational 3rd"]
[Site "Kingston upon Thames"]
[Date "2024.08.14"]
[Round "5.3"]
[White "Lim, Zhuo Ren"]
[Black "Browning, Alex"]
[Result "1/2-1/2"]
[WhiteElo "2278"]
[BlackElo "2267"]
[PlyCount "43"]
[EventDate "2024.08.12"]
[EventType "swiss"]
[EventRounds "9"]
[EventCountry "ENG"]
[SourceTitle "BritBase"]
[Source "John Saunders"]
[SourceDate "2024.08.18"]
[SourceVersion "1"]
[SourceVersionDate "2024.08.18"]
[SourceQuality "1"]

1. c4 Nf6 2. Nf3 g6 3. g3 Bg7 4. Bg2 O-O 5. O-O d6 6. d4 Nc6 7. Nc3 a6 8. Qd3 Bf5 9. e4 Bg4 10. Ne1 e5 11. d5 Nd4 12. f3 Bd7 13. Nc2 Nxc2 14. Qxc2 c5 15. dxc6 Qb6+ 16. Qf2 Qxc6 17. Nd5 Nxd5 18. cxd5 Qb5 19. a4 Qb3 20. Ra3 Qb4 21. Qe1 Qd4+ 22. Rf2 1/2-1/2

[Event "Kingston Invitational 3rd"]
[Site "Kingston upon Thames"]
[Date "2024.08.14"]
[Round "5.4"]
[White "Villiers, Thomas"]
[Black "Bezuidenhout, Roland"]
[Result "0-1"]
[WhiteElo "2195"]
[BlackElo "2270"]
[PlyCount "90"]
[EventDate "2024.08.12"]
[EventType "swiss"]
[EventRounds "9"]
[EventCountry "ENG"]
[SourceTitle "BritBase"]
[Source "John Saunders"]
[SourceDate "2024.08.18"]
[SourceVersion "1"]
[SourceVersionDate "2024.08.18"]
[SourceQuality "1"]

1. d4 Nf6 2. Nf3 c5 3. e3 b6 4. d5 e6 5. c4 exd5 6. cxd5 d6 7. Nc3 a6 8. a4 g6 9. Nd2 Bg7 10. Nc4 O-O 11. Qb3 Ne8 12. Nxb6 Ra7 13. Be2 Nd7 14. Nxc8 Qxc8 15. O-O Rb7 16. Bxa6 Rxb3 17. Bxc8 Nb6 18. Bg4 Nc7 19. Bd1 Rb4 20. e4 Bxc3 21. bxc3 Rxe4 22. a5 Nbxd5 23. Bf3 Rc4 24. Rd1 Nxc3 25. Rxd6 N7b5 26. Rd7 Nd4 27. Bh6 Re8 28. a6 Ra4 29. Rf1 Nxf3+ 30. gxf3 Rxa6 31. Kg2 g5 32. Re1 Rea8 33. Re3 Na4 34. Bxg5 Rg6 35. f4 h6 36. h4 hxg5 37. fxg5 Nb6 38. Rb7 c4 39. f4 Nd5 40. Re4 c3 41. Kf3 Rc6 42. Re1 c2 43. Rc1 Ra3+ 44. Kg4 Ra4 45. Kf5 Re6 0-1

[Event "Kingston Invitational 3rd"]
[Site "Kingston upon Thames"]
[Date "2024.08.14"]
[Round "5.5"]
[White "Larkin, Vladyslav"]
[Black "Willmoth, Robert F"]
[Result "1-0"]
[WhiteElo "2471"]
[BlackElo "2098"]
[PlyCount "37"]
[EventDate "2024.08.12"]
[EventType "swiss"]
[EventRounds "9"]
[EventCountry "ENG"]
[SourceTitle "BritBase"]
[Source "John Saunders"]
[SourceDate "2024.08.18"]
[SourceVersion "1"]
[SourceVersionDate "2024.08.18"]
[SourceQuality "1"]

1. e4 c5 2. Nf3 Nc6 3. Bb5 d6 4. O-O e5 5. c3 Bd7 6. d4 Qc7 7. Re1 Nge7 8. Na3 Ng6 9. Nc2 a6 10. Bf1 Be7 11. dxc5 dxc5 12. Ne3 Rd8 13. Nd5 Qb8 14. Qb3 b5 15. Nxe7 Ncxe7 16. Qa3 Qc8 17. Be3 O-O 18. Bxc5 Rde8 19. Nxe5 1-0

[Event "Kingston Invitational 3rd"]
[Site "Kingston upon Thames"]
[Date "2024.08.14"]
[Round "5.6"]
[White "Hobson, Kenneth"]
[Black "Hill, Alistair"]
[Result "1-0"]
[WhiteElo "2266"]
[BlackElo "2089"]
[PlyCount "95"]
[EventDate "2024.08.12"]
[EventType "swiss"]
[EventRounds "9"]
[EventCountry "ENG"]
[SourceTitle "BritBase"]
[Source "John Saunders"]
[SourceDate "2024.08.18"]
[SourceVersion "1"]
[SourceVersionDate "2024.08.18"]
[SourceQuality "1"]

1. e4 c6 2. d4 d5 3. exd5 cxd5 4. Bd3 Nc6 5. c3 Nf6 6. h3 e5 7. dxe5 Nxe5 8. Nf3 Nxd3+ 9. Qxd3 Bd6 10. O-O O-O 11. Re1 Be6 12. Nbd2 Qd7 13. Nd4 Rae8 14. Nxe6 fxe6 15. c4 e5 16. cxd5 e4 17. Qb3 Qf5 18. Nc4 Ng4 19. Be3 Nxe3 20. Qxe3 Bb4 21. Re2 Qxd5 22. Qb3 Bc5 23. Nd2 Qxb3 24. Nxb3 Bb6 25. Rae1 Rf5 26. Nd2 Ba5 27. Rf1 Bxd2 28. Rxd2 Kf7 29. Re1 Re7 30. Re3 Rfe5 31. Kf1 Kf6 32. Ke2 h5 33. g3 Kf5 34. Ra3 b6 35. Ke3 g6 36. Ra4 Rb5 37. Rad4 Ra5 38. a3 Rb5 39. b4 Rbe5 40. Rc2 a5 41. Rc6 axb4 42. axb4 Ra7 43. Rxb6 Ra3+ 44. Ke2 Ra2+ 45. Kf1 e3 46. g4+ hxg4 47. hxg4+ Kg5 48. f4+ 1-0